| 000 | 00841cam a2200277 a 4500 | ||
|---|---|---|---|
| 001 | 1619272 | ||
| 005 | 20171214074719.0 | ||
| 008 | 960322s1996 gau b 000 0 eng d | ||
| 010 | _a 95082234 | ||
| 020 |
_a1563522764 (pbk.) : _c$15.95 |
||
| 035 | _a(OCoLC)34928501 | ||
| 035 | _a3661-89860 | ||
| 040 |
_aOCo _cOCo _dDLC |
||
| 041 | _aeng | ||
| 042 | _alccopycat | ||
| 043 | _an-us--- | ||
| 080 | _a649..1 | ||
| 082 | 0 | 0 |
_a649..1 _221 |
| 100 | 1 | _a50 | |
| 101 | _aSOC | ||
| 245 | 1 | 0 |
_aRaising compassionate, courageous children in a violent world / _cby Janice Cohn. |
| 504 | _aIncludes bibliographical references (p. 242-251). | ||
| 906 |
_a7 _bcbc _ccopycat _d2 _eopcn _f19 _gy-gencatlg |
||
| 942 |
_2ddc _cBK |
||
| 999 |
_c38944 _d38944 |
||